| 000 | 01469nam a22002897a 4500 | ||
|---|---|---|---|
| 003 | dpl | ||
| 005 | 20180827150516.0 | ||
| 008 | 180827b xxu||||| |||| 00| 0 eng d | ||
| 010 | _aB-203301 | ||
| 020 |
_c175.00 _a8188069159 |
||
| 035 | _aB-203301, B-203302 | ||
| 037 | _bCen Lib/Ret | ||
| 040 |
_aDPL _bHN _c0 |
||
| 082 |
_aउ _bवाजपे |
||
| 100 |
_aवाजपेयी, भगवती प्रसाद _965843 |
||
| 245 |
_aरात बीत गयी / _cभगवती प्रसाद वाजपेयी ; समपादक बलराम, विराज उपाध्याय |
||
| 246 |
_aRaat beet gayi / _bby Bhagwati Prasad Vajpeyi ; sampadak Balram, Viraj Upadhayay |
||
| 260 |
_aदिल्ली _bस्वराज्य मंदिर प्रकाशन _c2004 |
||
| 270 |
_aब्लाक, सी-8, बिल्डिंग नं. 173 (नियर गौतम बुद्ध पार्क ), यमुना विहार _bदिल्ली _e110053 |
||
| 300 |
_a120पृ. _c21सेमी (सजिल्द) |
||
| 650 |
_a हिन्दी साहित्य _965844 |
||
| 650 |
_a हिन्दी साहित्य -- उपन्यास _946379 |
||
| 650 |
_aHindi literature _965845 |
||
| 650 |
_aHindi literature -- Fiction _965846 |
||
| 700 |
_aबलराम, विराज उपाध्याय _958999 |
||
| 942 |
_2ddc _cHN _hउ _mवाजपे |
||
| 999 |
_c116305 _d116305 |
||